000 00779nam a2200181 i 4500
001 164610
003 ES-MaACL
005 20230906212953.0
008 050802s1877 sp | |||||||| ||spa d
100 1 _aSánchez Vidal, Bernardino.
_9102984
245 1 0 _aMemoria leída en la solemne inauguracion del curso académico de 1877 a 1878 en el Instituto Provincial de Segunda Enseñanza de Murcia /
_cpor Bernardino Sanchez Vidal.
260 _aMurcia :
_b[s.n.],
_c1877 (
_fTip. de Anselmo Arqués)
300 _a43 p. ;
_c21 cm.
610 2 4 _aInstituto Provincial de Segunda Enseñanza de Murcia-
_vMemorias y balances.
_9134538
700 1 _aArques, Anselmo,
_eimp.
_9198265
852 4 _aES-MaACL
_jT-1294-F-5
_z- Enc. hol.
_z- Enc. en un vol. facticio
999 _c164610
_d164610